Experimental combustion : (Record no. 19590)

MARC details
000 -LEADER
fixed length control field 01886cam a2200325 i 4500
001 - CONTROL NUMBER
control field 18033526
003 - CONTROL NUMBER IDENTIFIER
control field EG-ScBUE
005 - DATE AND TIME OF LATEST TRANSACTION
control field 20250714095946.0
008 - FIXED-LENGTH DATA ELEMENTS--GENERAL INFORMATION
fixed length control field 140206t2014 fluadk f b 001 0 eng d
020 ## - INTERNATIONAL STANDARD BOOK NUMBER
International Standard Book Number 9781466517356 (hardback : acidfree paper)
020 ## - INTERNATIONAL STANDARD BOOK NUMBER
International Standard Book Number 1466517352 (hardback : acidfree paper)
040 ## - CATALOGING SOURCE
Original cataloging agency DLC
Language of cataloging eng
Description conventions rda
Transcribing agency DLC
Modifying agency DLC
-- EG-ScBUE
082 04 - DEWEY DECIMAL CLASSIFICATION NUMBER
Classification number 541.3610287
Item number MIS
Edition number 22
100 1# - MAIN ENTRY--PERSONAL NAME
Personal name Mishra, D. P.
Titles and other words associated with a name (Aerospace engineer)
Relator term author.
9 (RLIN) 38320
245 10 - TITLE STATEMENT
Title Experimental combustion :
Remainder of title an introduction /
Statement of responsibility, etc D. P. Mishra.
264 #1 - PUBLICATION, DISTRIBUTION, ETC. (IMPRINT)
Place of publication, distribution, etc Boca Raton :
Name of publisher, distributor, etc CRC Press/ Taylor & Francis Group,
Date of publication, distribution, etc [2014]
264 #4 - PUBLICATION, DISTRIBUTION, ETC. (IMPRINT)
Date of publication, distribution, etc c2014
300 ## - PHYSICAL DESCRIPTION
Extent xxvii, 361 pages :
Other physical details charts, form, tables ;
Dimensions 24 cm.
336 ## - CONTENT TYPE
Source rdacontent
Content type term text
Content type code txt
337 ## - MEDIA TYPE
Source rdamedia
Media type term unmediated
Media type code n
338 ## - CARRIER TYPE
Source rdacarrier
Carrier type term volume
Carrier type code nc
504 ## - BIBLIOGRAPHY, ETC. NOTE
Bibliography, etc Includes bibliographical references and index.<br/>
520 ## - SUMMARY, ETC.
Summary, etc "This book explains fundamentals essential for carrying out the experiments and analyzing and interpreting the results and, detailed description and methodology of the individual experiments. First part of the book covers fundamentals of combustion, details of instruments used in combustion experiments with end of the chapter worked out examples. The second part of the book deals with individual experiments pertaining to combustion and spray. The objective of conducting the particular experiment is stated clearly with the underlying theory behind it, and the experimental procedure to arrive at the results is given in a practical, pedagogical way. Besides this, all the relevant information about the construction of experimental setup is also discussed extensively"--
650 #7 - SUBJECT ADDED ENTRY--TOPICAL TERM
Topical term or geographic name as entry element Combustion
General subdivision Experiments.
Source of heading or term BUEsh
650 #7 - SUBJECT ADDED ENTRY--TOPICAL TERM
Topical term or geographic name as entry element Combustion engineering
General subdivision Research.
Source of heading or term BUEsh
651 ## - SUBJECT ADDED ENTRY--GEOGRAPHIC NAME
Source of heading or term BUEsh
653 ## - INDEX TERM--UNCONTROLLED
Resource For college Engineering, General
Arrived date list June2015
-- August2015
655 ## - INDEX TERM--GENRE/FORM
Form subdivision Reading book
942 ## - ADDED ENTRY ELEMENTS (KOHA)
Source of classification or shelving scheme Dewey Decimal Classification
Koha item type Book - Borrowing
Holdings
Withdrawn status Lost status Source of classification or shelving scheme Damaged status Not for loan Collection code Home library Current library Shelving location Date acquired Source of acquisition Cost, normal purchase price Total Checkouts Full call number Barcode Date last seen Cost, replacement price Koha item type
    Dewey Decimal Classification     Baccah Central Library Central Library First floor 11/06/2015 Purchase 790.00   541.3610287 MIS 000038675 15/07/2025 987.50 Book - Borrowing